000
00224 a2200097 4500
001
35026
100
_a
Grob Bernard
245
_a
Direct & alternating current machine
260
_a
NY
_b
McGraw-Hill
_c
090
_c
23174
_d
23174
942
_a
NUST-CAE
_c
M
_c
14641
999
_c
270099
_d
270099